000 00220 a2200097 4500
001 61557
082 _a297.197 KHA
090 _c37091
_d37091
100 _aAbdul Waheed Khan
245 _aIslam is Under attack
_hEnglish
942 _aCAE NUST
_k297.197 KHA
999 _c296630
_d296630